000 00427nam a22001697a 4500
005 20160623164443.0
008 160623b xxu||||| |||| 00| 0 eng d
020 _a81-219-2524-X
041 _aeng
082 _b9470
100 _aKhurmi. R.S. and Gupta. J.K.
_92440
245 _aTheory of Machine
260 _aNew Delhi
_bSultan Chand & Sons,
_c2014
300 _a1062
650 _aDiploma Engineering
_9817
942 _cBK
999 _c3728
_d3727